000
00205nam a2200085 4500
001
1257570
005
20260217103954.0
245
_a
midos kartalı'nın gözleri
_c
gülten dayıoğlu
260
_b
altın kitaplar
999
_c
1257570
_d
1257570